01388nam a2200277Ia 450000500170000000800410001702000150005808200210007310000270009424500620012125000190018330000270020250004440022950400270067365000790070065000240077965000350080365000380083865000330087665000490090926400290095833600270098733700330101433800280104704000350107520220317000726.0160601s2004 ck g 000 0 spa  a958704225504a980.01208 bO76a1 aOspina, Williamd1954-10aAmérica mestiza bel país del futuro cWilliam Ospina a1a. edición  a244 páginas c25 cm  a Lo originario de América. El Mar Caribe. El Pacífico y los Andes. El Amazonas. La vida milenaria en América. Lo que llegó de Europa. El choque de los mundos. Lo que llegó de África. Las Américas. La colonia. En los reinos del espíritu. Y se acaba el siglo XVIII. El sueño de la libertad. Independencia. La carta de Jamaica. El derecho al presente. La Guerra y la Paz. En busca de la modernidad. El siglo XX. Lo que somos aIncluye bibliografía142LEMBaENSAYOS COLOMBIANOS - COLECCIONES - SIGLO XX;14aAUTORES COLOMBIANOS142LEMBaFlora andina 142LEMBaAmérica xGeografía 142LEMB aAmérica xDescripciones 142LEMB aAmérica xHistoria 142LEMB aAmérica xVida social y costumbres  aBogotá bAguilarc2004 atextobtxt2rdacontent asin mediaciónbn2rdamedia avolumenbnc2rdacarrier aCO-BoRNBPbspaerdacCO-BoRNBP